Spaß mit Flaggen: Alle rot-weißen Flaggen - Sudden Death - Statistiken

Allgemein
  • Dieses Quiz wurde 752 mal gespielt
  • Das Durchschnittsergebnis liegt bei 9 aus 17
Answers on the Grid
Answers color-coded by a green-red scale on the quiz's grid according to % correct below.
Bahrain
Dänemark
Japan
Georgien
Indonesien
Kanada
Katar
Lettland
Monaco
Österreich
Peru
Polen
Schweiz
Singapur
Tonga
Tunesien
Türkei
Madagaskar
Malediven
Norwegen
Marokko
China
Malta
Libanon
Vietnam
Angola
Nigeria
Burundi
Vietnam
Panama
Dominikanische Republik
Ungarn
 
Antwortstatistiken
Antwort % Korrekt
Japan
65%
Österreich
65%
Polen
65%
Schweiz
63%
Türkei
63%
Monaco
62%
Dänemark
61%
Kanada
61%
Peru
52%
Indonesien
51%
Katar
50%
Georgien
48%
Singapur
48%
Lettland
43%
Bahrain
42%
Tunesien
42%
Tonga
26%
Keine übereinstimmenden Quizze gefunden
Verteilung der Resultate
Anzahl Personen mit jedem Resultat
Perzentil nach korrekt beantworteten Fragen
Ihre Resultats-Entwicklung
Sie haben dieses Quiz noch nicht gespielt